Fixed income mathematics

Saved in:
Bibliographic Details
Main Author: Zipf, Robert
Format: Book
Language:English
Published: San Diego Academic Press 2003
Subjects:
Tags: Add Tag
No Tags, Be the first to tag this record!

MARC

LEADER 00000nam$a2200000$$$4500
001 0002631
005 20240306135215.4
020 |a 0-12-781721-2 
041 0 |a eng 
044 |a US 
245 1 0 |a Fixed income mathematics  |c Robert Zipf 
264 1 |a San Diego  |b Academic Press  |c 2003 
300 |a 328 s. 
610 2 0 |a matematika 
610 2 0 |a príjmy 
610 2 0 |a matematika finančná 
610 2 0 |a analýzy 
610 2 0 |a úrok 
610 2 0 |a kalkulácia 
610 2 0 |a investície 
610 2 0 |a hodnota 
610 2 0 |a anuita 
610 2 0 |a obligácie 
610 2 0 |a forwardy 
610 2 0 |a cash flow 
610 2 0 |a hypotéky 
610 2 0 |a futurity 
610 2 0 |a opcie 
610 2 0 |a metódy matematické 
100 1 |a Zipf, Robert